01009nam a22002537a 4500999001700000003000900017008004100026040007100067082001700138100002800155245007200183260002600255300002800281505015800309650002300467650002600490650003000516700002400546700003200570700003200602942001600634945000800650952009700658 c20341d20341AR-CdUCM190529b ||||| |||| 00| 0 spa d aMUNICIPALIDAD PROVINCIAL DEL CUSCOcBIBLIOTECA MUNICIPAL DEL CUSCO a985.7 /bB35 aBedoya de Vivanco, Luis aCulturas Amazónicas y política nacional :bUn nuevo diálogo / aLima :bCAAAP,c1995. a137 páginas ;c23 cm. aContenido : La amazonia peruana de hoy -- Organización para el desarrollo de la poblaciones nativas por Jaime Regan -- Narcotráfico en la Amazonia... aLa Amazonia942535 aNarcotráfico923049 aPueblo Asháninka942536 aCotler, Julio94661 a Aguila, Edmundo del942537 aDiez Canseco, Javier942538 2ddccLIBROS arcc 002ddc4070aSHbSHcCARTd2019-05-29g25.00o985.7 / B35pSH0000014711r2019-05-29yLIBROS